| 000 | 00761nam a22001935i 4500 | ||
|---|---|---|---|
| 001 | 155498 | ||
| 003 | ES-MaACL | ||
| 005 | 20230906210114.0 | ||
| 008 | 040721s1898 fr ao |||| | fre d | ||
| 040 |
_aCAM _bspa _cCAM |
||
| 100 | 1 |
_aHoche, Jules. _9128007 |
|
| 245 | 1 | 0 |
_aBismarck intime / _cJules Hoche. |
| 260 |
_aParis : _bF. Juven, éditeur, _c[s.a.] ( _fImprimerie de Vaugirard, G. de Malherbe, directeur) |
||
| 300 |
_aXVI, 256 p., 13 h. lám. : _bil. ; _c20 cm. |
||
| 596 | _aLa BNF lo fecha en 1898. | ||
| 599 | _aLas h. de lám. e il., fot. en b. y n. y grabs. | ||
| 600 | 1 | 4 |
_aBismarck, Otto _cFürst von- _xBiografías. _9125995 |
| 852 |
_aES-MaACL _jD-798 _z-- Enc. hol., conservando la cub. original cromolit _z-- Legado de Modesto de la Fuente |
||
| 999 |
_c155498 _d155498 |
||